000 00748nam a2200217 a 4500
001 000048361
003 DO-SdBNP
005 20220405100454.0
008 190212s2018 dr ac 000 0 spa d
020 _a9789945597523
040 _aDO-SdBNP
_bspa
_cBNPHU
082 _axxx
_bT554d
100 1 _aTiburcio Gómez, Esteban
_d1978-
_975778
245 1 4 _aLos 10 pecados de la adolescencia. /
_cEsteban Tiburcio Gómez ; prólogo Bélgica A. Lazala Calderón.
260 _aSanto Domingo, :
_bCotoy,
_c2018.
300 _a121 p. :
_bil., retrs. ;
_c22 cm.
500 _aIncluye datos biografícos del autor en la solapa de laportada
590 _aInventariado, 2019/ YL
700 1 2 _aLazala Calderón, Bélgica A.
_eprol.
_975779
942 _2ddc
_cLBS1
999 _c47849
_d47849